| 000 -LEADER |
| fixed length control field |
01063nam a22001817a 4500 |
| 005 - DATE AND TIME OF LATEST TRANSACTION |
| control field |
20241003152955.0 |
| 008 - FIXED-LENGTH DATA ELEMENTS--GENERAL INFORMATION |
| fixed length control field |
230714b ||||| |||| 00| 0 eng d |
| 040 ## - CATALOGING SOURCE |
| Transcribing agency |
SSBUL |
| Modifying agency |
SSBUL |
| 082 ## - DEWEY DECIMAL CLASSIFICATION NUMBER |
| Edition number |
23 |
| Classification number |
၂၉၄.၃၀၇၁ သာ |
| Item number |
၁၆၀၂၇ (S-SAT) |
| 110 ## - MAIN ENTRY--CORPORATE NAME |
| Corporate name or jurisdiction name as entry element |
သာသနာရေးဦးစီးဌာန |
| 9 (RLIN) |
54828 |
| 245 ## - TITLE STATEMENT |
| Title |
အခြေခံဗုဒ္ဓဘာသာ ယဉ်ကျေးမှုသင်တန်း ၉ နှစ်ခရီး / |
| Statement of responsibility, etc. |
သာသနာရေးဦးစီးဌာန။ |
| 260 ## - PUBLICATION, DISTRIBUTION, ETC. |
| Place of publication, distribution, etc. |
ရန်ကုန်၊ |
| Name of publisher, distributor, etc. |
သာသနာရေးဦးစီးဌာနပုံနှိပ်တိုက်၊ |
| Date of publication, distribution, etc. |
၂၀၀၀။ |
| 300 ## - PHYSICAL DESCRIPTION |
| Extent |
၃၂ စာမျက်နှာ၊ |
| Other physical details |
ဓာတ်ပုံများ၊ |
| Dimensions |
၁၉ စင်တီ။ |
| 500 ## - GENERAL NOTE |
| General note |
S-SAT: Dr. Sai Aung Tun |
| 650 ## - SUBJECT ADDED ENTRY--TOPICAL TERM |
| Topical term or geographic name entry element |
ဗုဒ္ဓဘာသာ |
| Form subdivision |
လေ့လာရေးနှင့် သင်ကြားခြင်း။ |
| 9 (RLIN) |
28038 |
|
| Topical term or geographic name entry element |
ဗုဒ္ဓဘာသာ ယဉ်ကျေးမှု။ |
| 9 (RLIN) |
28039 |
| 942 ## - ADDED ENTRY ELEMENTS (KOHA) |
| Source of classification or shelving scheme |
|
| Koha item type |
Book (Short term) |